zpět

Detail výsledku týmu

Infinity c&c bar, Zlín

Datum a čas kvízu

22.5 Celkem bodů Celkový počet nahraných bodů na tomto kvízu bez doplňovacích otázek.
3. Pořadí na kvízu Konečné umístění týmu na tomto kvízu.

Zaznamenané odpovědi

# Otázka Odpověď Body Výsledky
1. Dívali jste se v sobotu během... 0
2. Mimořádně výhodná akce na jede... 1
3. Radní centrálního městského ob... 0
4. Americká firma Nike představil... 1
5. Ligový lídr v přípravě opět in... 0
6. Rok 1989 si přirozeně spojujem... 1
7. Je samozřejmé, že události v z... 0
8. V tomto roce skončil i komunis... 0
9. Nejen politikou živ je člověk.... 0
10. Lidé narození roku 1989 patří... 0